Score 0/22 Timer 03:00
2 Plays Today
Clue 4-Letter Answer % Correct
At no costFREE
97.7%
Unwanted plant in a gardenWEED
96.9%
Give sustanence to an animalFEED
96.4%
Join two pieces of metal togetherWELD
96.2%
Astaire or Savage, for exampleFRED
96.1%
The shape of ItalyBOOT
96.1%
Animals found in natureWILD
95.6%
Ashes and grime found in a chimneySOOT
95.2%
• Close the door •• SHUT •
95.1%
Run away quicklyFLEE
95%
Discharged from a firearmSHOT
94.5%
Clue 4-Letter Answer % Correct
Walk through shallow waterWADE
93.5%
A unit of lightningBOLT
93.1%
• Having a large horizontal extent •• WIDE •
92.7%
A unit of hayBALE
92.4%
Cunning and trickeryWILE
90.3%
A ridge on corduroy fabricWALE
88.5%
Tree trunkBOLE
88.1%
• Looks at something •• EYES •
87.1%
Yes votesAYES
86.5%
Many beersALES
84.9%
Away from the windALEE
83%

Today's Daily Dose

Remove Ads.
Support Sporcle.
Get the best of Sporcle when you Go Orange. This ad-free experience offers more features, more stats, and more fun while also helping to support Sporcle. Thank you for becoming a member.

You're not logged in!

Compare scores with friends on all Sporcle quizzes.
OR
Log In

Show Comments

Extras

Top Quizzes Today


Score Distribution

Your Account Isn't Verified!

In order to create a playlist on Sporcle, you need to verify the email address you used during registration. Go to your Sporcle Settings to finish the process.

Report this User

Report this user for behavior that violates our Community Guidelines.

Details: